000 00477nam a2200181Ia 4500
005 20250423095711.0
008 250422s9999 xx 000 0 und d
020 _a978-975-7292-28-9
050 _aBP 165.5 .G85/
100 _aGülen, M. Fethullah
245 0 _aİnancın gölgesinde 2
260 _aİstanbul
260 _bNil
260 _c2011
300 _a287 p
650 _aIslam -- Essence, genius, nature İslam -- Temeller, özellikler, nitelik
942 _cBK
999 _c31068
_d31068